[Event "Ä15Ï"]
[Site "Loo"]
[Date "2017.04.21"]
[Round "2.1"]
[White "Íàñûáóëëèíà, Äàÿíà."]
[Black "Ëûñîêîíü, Ïîëèíà."]
[Result "1/2-1/2"]
[WhiteElo "1786"]
[BlackElo "1610"]
[PlyCount "90"]
[EventDate "2017.04.20"]

1. e4 e6 2. d3 d5 3. Nd2 c5 4. Ngf3 Nc6 5. g3 Bd6 6. Bg2 Nf6 7. O-O O-O 8. Re1
Qc7 9. c3 Bd7 10. Nf1 d4 11. cxd4 cxd4 12. Bg5 Ne8 13. e5 Bb4 14. Re2 f6 15.
exf6 Nxf6 16. Rc1 Qa5 17. a3 Bd6 18. N1d2 Qd8 19. Nc4 Be7 20. Nfe5 Nd5 21. Nxc6
bxc6 22. Bxe7 Qxe7 23. Ne5 Rac8 24. Qa4 Be8 25. Qxd4 c5 26. Qc4 Bh5 27. Bxd5
Bxe2 28. Bxe6+ Kh8 29. Bxc8 Qxe5 30. Qxc5 Qf6 31. Qf5 Qd6 32. Rc6 Qd8 33. Qd7
Qa5 34. b4 Qxa3 35. Qd4 Qb3 36. Rc1 Bxd3 37. Qc3 Qd5 38. Rd1 Qf3 39. Qxd3 Qxf2+
40. Kh1 Rxc8 41. Qd8+ Qf8 42. Qxf8+ Rxf8 43. Rd7 Ra8 44. Kg2 h6 45. Kf3 Rb8
1/2-1/2

[Event "Ä15Ï"]
[Site "Loo"]
[Date "2017.04.21"]
[Round "2.2"]
[White "Ëîñü, ßíà."]
[Black "Êîðîáèöûíà, Îëåñÿ."]
[Result "0-1"]
[WhiteElo "1609"]
[BlackElo "1769"]
[PlyCount "58"]
[EventDate "2017.04.20"]

1. e4 g6 2. d4 Bg7 3. Nf3 d6 4. Nc3 Nf6 5. h3 O-O 6. Be3 Nbd7 7. e5 Ne8 8. Bc4
Nb6 9. Bb3 c6 10. Qd2 Nc7 11. O-O-O Be6 12. Bh6 Bxb3 13. axb3 a5 14. Qg5 Ne6
15. Qh4 a4 16. Ne4 f6 17. g4 axb3 18. cxb3 Nd5 19. Bxg7 Kxg7 20. g5 dxe5 21.
Qh6+ Kg8 22. gxf6 exf6 23. h4 Ra1+ 24. Kc2 Rxd1 25. Kxd1 Ndf4 26. Kc1 Nxd4 27.
Nfg5 Nde2+ 28. Kb1 Qd3+ 29. Ka2 Ra8# 0-1

[Event "Ä15Ï"]
[Site "Loo"]
[Date "2017.04.21"]
[Round "2.3"]
[White "Ñòðóêîâà, Êñåíèÿ."]
[Black "Êîçûðåâà, Ìàðèíà."]
[Result "1-0"]
[WhiteElo "1762"]
[BlackElo "1598"]
[PlyCount "123"]
[EventDate "2017.04.20"]

1. e4 e5 2. Nf3 Nf6 3. Nxe5 d6 4. Nf3 Nxe4 5. Nc3 Nxc3 6. dxc3 Nc6 7. Be3 Be6
8. Qd2 Be7 9. O-O-O Bf6 10. Kb1 Qd7 11. h3 h6 12. g4 O-O-O 13. b3 Kb8 14. Bg2
Rhe8 15. Nd4 Bxd4 16. cxd4 d5 17. f4 f5 18. g5 Qf7 19. Rhg1 g6 20. gxh6 Rh8 21.
Rdf1 Rxh6 22. Rf3 Ne7 23. Bf2 Nc8 24. Rg3 Nd6 25. Kb2 Rg8 26. Re1 Rh7 27. Rg5
Ne4 28. Bxe4 fxe4 29. h4 Bf5 30. Reg1 Rh5 31. Qe2 Rxg5 32. fxg5 Rf8 33. Bg3 b6
34. Be5 Kb7 35. a4 Rg8 36. Ra1 a6 37. Rc1 Rc8 38. Rf1 Qh7 39. Rf4 Rf8 40. Qd2
Rc8 41. Qd1 Re8 42. Qd2 Qh5 43. a5 Rc8 44. Qb4 Qh7 45. Qe1 Qh5 46. Qd2 Qh7 47.
Qb4 Rd8 48. Qe1 Rc8 49. Qc3 Qh5 50. Qe1 Qh7 51. Qb4 Rd8 52. Bf6 Rd7 53. Qf8 Qf7
54. Qxf7 Rxf7 55. axb6 Rh7 56. bxc7 Kxc7 57. Kc1 Kc6 58. Rxf5 gxf5 59. g6 Rh6
60. g7 Rg6 61. h5 e3 62. hxg6 1-0

[Event "Ä15Ï"]
[Site "Loo"]
[Date "2017.04.21"]
[Round "2.4"]
[White "Àíäðååâà, Àíàñòàñèÿ."]
[Black "Êóäðÿâöåâà, Ìàðèÿ."]
[Result "1/2-1/2"]
[WhiteElo "1565"]
[BlackElo "1758"]
[PlyCount "94"]
[EventDate "2017.04.20"]

1. d4 d5 2. c4 c6 3. Nc3 Nf6 4. Nf3 e6 5. Bg5 Be7 6. cxd5 exd5 7. e3 Bg4 8. Be2
Nbd7 9. h3 Bh5 10. O-O O-O 11. a3 h6 12. Bf4 Nb6 13. Ne5 Bxe2 14. Qxe2 Bd6 15.
b4 a6 16. Rab1 Bxe5 17. Bxe5 Nc4 18. Bxf6 Qxf6 19. Ra1 Qe6 20. Na4 f5 21. Nc5
Qe7 22. Nd3 f4 23. Rfe1 fxe3 24. fxe3 Rae8 25. Qc2 Qg5 26. Qc1 Nxe3 27. Ra2 Nf5
28. Qxg5 Rxe1+ 29. Nxe1 hxg5 30. Nf3 Re8 31. g4 Ng3 32. Kf2 Ne4+ 33. Kg2 g6 34.
Re2 Rf8 35. Re3 Rf4 36. Rd3 Kf7 37. Ne5+ Kg7 38. Rf3 Nd6 39. Rxf4 gxf4 40. Nd3
g5 41. Ne1 Kf6 42. Nc2 Nc4 43. Kf3 Nd2+ 44. Ke2 Ne4 45. Na1 b6 46. Nb3 Ke6 47.
Kf3 Kf6 1/2-1/2

[Event "Ä15Ï"]
[Site "Loo"]
[Date "2017.04.21"]
[Round "2.5"]
[White "Ñàôðîíîâà, Àëåêñàíäðà."]
[Black "Ìàêàðîâà, Àíàñòàñèÿ."]
[Result "1/2-1/2"]
[WhiteElo "1749"]
[BlackElo "1562"]
[PlyCount "126"]
[EventDate "2017.04.20"]

1. e4 c5 2. Nf3 e6 3. d4 cxd4 4. Nxd4 a6 5. Bd3 Qc7 6. O-O Nf6 7. c4 b6 8. Nc3
Bb7 9. Qe2 d6 10. Bd2 Be7 11. Kh1 Nbd7 12. b3 O-O 13. Rae1 Ne5 14. Bb1 Rfe8 15.
f4 Nc6 16. Nf3 Nd7 17. e5 Rad8 18. exd6 Bxd6 19. Ne4 h6 20. Qd3 Nf8 21. Qc2 Bb4
22. Bxb4 Nxb4 23. Qc3 Nc6 24. Ng3 g6 25. Ne4 Nh7 26. Ne5 Qe7 27. Ng4 Nd4 28.
Nxh6+ Kg7 29. f5 exf5 30. Ng3 Qf6 31. Rxe8 Rxe8 32. Qxd4 Kxh6 33. Qd2+ Qg5 34.
Qd7 Re7 35. Qd6 Re6 36. Qc7 Bc6 37. Qf4 Qxf4 38. Rxf4 Re1+ 39. Rf1 Rxf1+ 40.
Nxf1 Be4 41. Nd2 Nf6 42. Kg1 Bxb1 43. Nxb1 Ne4 44. Kf1 Kg5 45. Ke2 Kf4 46. Na3
Nc3+ 47. Kd3 Nxa2 48. Kd2 Nb4 49. Nb1 Na2 50. Na3 Nb4 51. Nb1 Na2 52. Na3 Ke4
53. Nc2 f4 54. Ne1 Nb4 55. Nf3 f6 56. Kc3 Nc6 57. b4 g5 58. b5 axb5 59. cxb5
Ne5 60. h4 g4 61. Nd2+ Kf5 62. Kd4 f3 63. g3 f2 1/2-1/2

[Event "Ä15Ï"]
[Site "Loo"]
[Date "2017.04.21"]
[Round "2.6"]
[White "Êàìàåâà, Äæàìèëÿ."]
[Black "ßêóøèíà, Åêàòåðèíà."]
[Result "0-1"]
[WhiteElo "1563"]
[BlackElo "1744"]
[PlyCount "90"]
[EventDate "2017.04.20"]

1. c4 Nf6 2. Nc3 e5 3. g3 g6 4. Bg2 Bg7 5. e4 O-O 6. d3 d6 7. Nge2 c6 8. O-O
Na6 9. h3 Be6 10. f4 Qc8 11. Kh2 Nc7 12. Qe1 exf4 13. gxf4 Nh5 14. Qh4 f5 15.
Rb1 Qd8 16. Qf2 Nf6 17. b4 fxe4 18. Nxe4 Nxe4 19. Bxe4 d5 20. cxd5 Bxd5 21. Ng3
Nb5 22. Bb2 Bxb2 23. Qxb2 Qf6 24. Qxf6 Rxf6 25. Bxd5+ cxd5 26. Rbc1 Rc6 27.
Rxc6 bxc6 28. Re1 a5 29. bxa5 Rxa5 30. Re8+ Kf7 31. Rb8 Rxa2+ 32. Kg1 Rd2 33.
Rb7+ Kg8 34. f5 Rxd3 35. Kg2 Nd6 36. Rb8+ Kf7 37. fxg6+ hxg6 38. Rb6 Rc3 39.
Ne2 Rc2 40. Kf3 Nf5 41. Nf4 g5 42. Rb7+ Kf6 43. Nh5+ Kg6 44. Ng3 Rc3+ 45. Ke2
Rxg3 0-1

[Event "Ä15Ï"]
[Site "Loo"]
[Date "2017.04.21"]
[Round "2.7"]
[White "Íèêîëàåâà, Êñåíèÿ."]
[Black "Èâàíîâà, Àíàñòàñèÿ Ñ."]
[Result "1-0"]
[WhiteElo "1743"]
[BlackElo "1538"]
[PlyCount "141"]
[EventDate "2017.04.20"]

1. e4 c5 2. Nf3 d6 3. d4 cxd4 4. Nxd4 Nf6 5. Nc3 Nc6 6. Nb3 g6 7. f3 Bg7 8. Be3
O-O 9. Qd2 Re8 10. O-O-O Bd7 11. g4 Ne5 12. Nd4 Qc8 13. h4 a6 14. h5 Nxf3 15.
Nxf3 Bxg4 16. Be2 Bxh5 17. Ng5 Bxe2 18. Qxe2 h6 19. Nh3 Qg4 20. Qd3 Qc8 21.
Rdg1 Ng4 22. Bd2 Ne5 23. Qg3 Nd7 24. Nf2 Nf8 25. Bxh6 Ne6 26. Bxg7 Kxg7 27. Qh4
Rh8 28. Qxe7 Qc5 29. Ng4 Qg5+ 30. Qxg5 Nxg5 31. Rxh8 Rxh8 32. Ne3 f6 33. Nc4
Rd8 34. Na5 Rd7 35. Nc4 b5 36. Nd2 Rd8 37. Nd5 a5 38. Nc7 Rb8 39. Re1 b4 40. b3
Rc8 41. Nb5 Rc6 42. Nc4 a4 43. Nbxd6 axb3 44. axb3 Kf8 45. Rf1 Ke7 46. Rd1 Ke6
47. Nb5 Nxe4 48. Nd4+ Kd5 49. Nxc6+ Kxc6 50. Rd4 f5 51. Ne5+ Kc5 52. Rc4+ Kd5
53. Nxg6 Nd6 54. Rxb4 Kc5 55. Rf4 Kd5 56. Ne7+ Ke5 57. Rxf5+ Nxf5 58. Nxf5 Kxf5
59. Kd2 Ke5 60. Kd3 Kd5 61. b4 Kc6 62. c4 Kb6 63. Kd4 Ka7 64. Kc5 Ka8 65. b5
Kb8 66. Kc6 Ka8 67. b6 Kb8 68. b7 Ka7 69. Kc7 Ka6 70. b8=Q Ka5 71. Qb5# 1-0

[Event "Ä15Ï"]
[Site "Loo"]
[Date "2017.04.21"]
[Round "2.8"]
[White "Êîìáàð, Ìàðèÿ."]
[Black "Ëàðèíà, Òàòüÿíà."]
[Result "1/2-1/2"]
[WhiteElo "1528"]
[BlackElo "1738"]
[PlyCount "88"]
[EventDate "2017.04.20"]

1. e4 e6 2. d4 d5 3. exd5 exd5 4. Bd3 Nc6 5. c3 Bd6 6. Nf3 Bg4 7. h3 Bh5 8. O-O
Nge7 9. Re1 Qd7 10. Nbd2 O-O-O 11. b4 Rde8 12. Qc2 f6 13. b5 Nd8 14. a4 g5 15.
Nh2 Kb8 16. Ba3 Bxa3 17. Rxa3 Rhg8 18. Ndf1 Qd6 19. Raa1 Bg6 20. Ng3 Ne6 21.
Nf5 Nxf5 22. Bxf5 Nf4 23. Bxg6 Nxg6 24. g3 Re6 25. Re2 Rge8 26. Rae1 Nf8 27.
Kg2 h5 28. Rxe6 Rxe6 29. Rxe6 Qxe6 30. Qd1 Qe4+ 31. Qf3 Qxf3+ 32. Nxf3 Ng6 33.
Nd2 Kc8 34. Kf3 Nh8 35. c4 c6 36. bxc6 bxc6 37. cxd5 cxd5 38. Nb3 Nf7 39. Nc5
Nd6 40. Ke3 Nc4+ 41. Kd3 a5 42. f4 g4 43. hxg4 hxg4 44. Ke2 Kd8 1/2-1/2

[Event "Ä15Ï"]
[Site "Loo"]
[Date "2017.04.21"]
[Round "2.9"]
[White "Ñëåñàðåâà, Ìèðàñëàâà."]
[Black "Ëèíöîâà, Ëèëèÿ."]
[Result "1-0"]
[WhiteElo "1725"]
[BlackElo "1524"]
[PlyCount "55"]
[EventDate "2017.04.20"]

1. e4 c5 2. Nf3 Nc6 3. c3 e6 4. d4 d5 5. exd5 exd5 6. Be2 Nf6 7. O-O Bd6 8. Bg5
Be6 9. h3 h6 10. Be3 Qb6 11. dxc5 Bxc5 12. Bxc5 Qxc5 13. Nbd2 O-O 14. Nb3 Qb6
15. Nfd4 Ne4 16. Bd3 Nc5 17. Nxc5 Qxc5 18. Bc2 Rac8 19. Qd3 Rfd8 20. Qh7+ Kf8
21. Nxe6+ fxe6 22. Rae1 Qd6 23. Re3 Ne5 24. Rfe1 Nf7 25. Rxe6 Qf4 26. Rg6 Ne5
27. Qxg7+ Ke8 28. Re6# 1-0

[Event "Ä15Ï"]
[Site "Loo"]
[Date "2017.04.21"]
[Round "2.10"]
[White "Ïè÷íåíêî, Íèíà."]
[Black "Ãèáàäóëëèíà, Ðàÿíà."]
[Result "1/2-1/2"]
[WhiteElo "1507"]
[BlackElo "1706"]
[PlyCount "154"]
[EventDate "2017.04.20"]

1. e4 c5 2. Nc3 Nc6 3. g3 Nf6 4. Bg2 d6 5. d3 e6 6. f4 Be7 7. Nf3 O-O 8. O-O d5
9. Qe2 Rb8 10. h3 b5 11. a3 Ba6 12. g4 Nd4 13. Nxd4 cxd4 14. Nd1 dxe4 15. dxe4
Qb6 16. Nf2 b4 17. Nd3 b3 18. Rd1 Rfc8 19. Rd2 Nd7 20. Qd1 bxc2 21. Rxc2 Bxd3
22. Rxc8+ Rxc8 23. Qxd3 Nc5 24. Qc4 Rc7 25. b4 Na4 26. Qb3 Nc3 27. Bd2 Ne2+ 28.
Kh2 Bh4 29. Qd3 Bg3+ 30. Kh1 Bxf4 31. Qxe2 Rc2 32. Rc1 Qc6 33. Bxf4 Rxc1+ 34.
Bxc1 Qxc1+ 35. Qf1 Qxa3 36. Qb5 Qc1+ 37. Bf1 h6 38. Kg2 Qc2+ 39. Kg3 Qxe4 40.
Qe8+ Kh7 41. Qxf7 Qe1+ 42. Kg2 Qe4+ 43. Qf3 Qc2+ 44. Kg1 Kg8 45. Qa8+ Kh7 46.
Qxa7 Qc3 47. Qf7 Qe3+ 48. Qf2 Qe4 49. b5 Kg8 50. b6 Qd5 51. Qg2 Qb3 52. b7 Qb6
53. Bd3 Qc7 54. Bc4 Kf7 55. Kf2 Ke7 56. Qe4 Qh2+ 57. Qg2 Qf4+ 58. Kg1 Qc1+ 59.
Bf1 Qc7 60. Qe4 Qg3+ 61. Bg2 Qc7 62. Qc6 Qf4 63. Qe4 Qc1+ 64. Kh2 Qc7+ 65. Kg1
Qc1+ 66. Bf1 Qc7 67. Qxd4 Kf7 68. Qf2+ Ke7 69. Bc4 Qxb7 70. Qh4+ Kd7 71. g5
Qb1+ 72. Bf1 Qb6+ 73. Kg2 Qc6+ 74. Kg3 Qc3+ 75. Kg4 Qd4+ 76. Kg3 Qg1+ 77. Bg2
Qe3+ 1/2-1/2

[Event "Ä15Ï"]
[Site "Loo"]
[Date "2017.04.21"]
[Round "2.11"]
[White "Ãðóíèíà, Ìàðãàðèòà."]
[Black "Ìîñêàëåâà, Àðèíà."]
[Result "1-0"]
[WhiteElo "1678"]
[BlackElo "1504"]
[PlyCount "81"]
[EventDate "2017.04.20"]

1. e4 c5 2. Nf3 d6 3. d4 cxd4 4. Nxd4 Nf6 5. f3 a6 6. c4 e6 7. Nc3 Nc6 8. Be3
Be7 9. Be2 Qc7 10. Rc1 Bd7 11. a3 O-O 12. O-O Nxd4 13. Bxd4 Qd8 14. b4 e5 15.
Be3 Nh5 16. Nd5 Bg5 17. Bb6 Qe8 18. Rc3 Rc8 19. c5 Qe6 20. Nc7 Qh6 21. cxd6 Nf4
22. Bc4 Nxg2 23. Kxg2 Bh3+ 24. Kh1 Bxf1 25. Bxf1 Bf4 26. Rc2 Rcd8 27. Bc5 b6
28. Bxa6 bxc5 29. bxc5 Qh3 30. Bb7 Rd7 31. Bc6 Rdd8 32. Bb5 Bg5 33. Rg2 h6 34.
c6 Rxd6 35. Qxd6 Rd8 36. Rg3 Qh5 37. Qxd8+ Bxd8 38. Ne8 g6 39. c7 Bxc7 40. Nf6+
Kf8 41. Nxh5 1-0

[Event "Ä15Ï"]
[Site "Loo"]
[Date "2017.04.21"]
[Round "2.12"]
[White "Ëûñåíêî, Îëåñÿ."]
[Black "Ôàéðóçîâà, Çóëüôèÿ."]
[Result "1/2-1/2"]
[WhiteElo "1500"]
[BlackElo "1677"]
[PlyCount "61"]
[EventDate "2017.04.20"]

1. e4 c6 2. d4 d5 3. e5 Bf5 4. Bd3 Bxd3 5. Qxd3 e6 6. f4 Qb6 7. Nf3 c5 8. c3
Nc6 9. O-O Nh6 10. b3 Be7 11. Na3 Nf5 12. Nc2 h5 13. Bb2 g6 14. Kh1 O-O 15. Ne3
Nxe3 16. Qxe3 cxd4 17. cxd4 Kg7 18. Ng5 a5 19. a3 Rac8 20. Rac1 Rc7 21. Qg3
Bxg5 22. fxg5 Ne7 23. Rxc7 Qxc7 24. Rc1 Qb6 25. Kg1 Nf5 26. Qd3 Qd8 27. Qd2 Qb6
28. Qd3 Qd8 29. Qd2 Qb6 30. Qd3 Qd8 31. Qd2 1/2-1/2

[Event "Ä15Ï"]
[Site "Loo"]
[Date "2017.04.21"]
[Round "2.13"]
[White "Êðåíäÿñåâà, Âàëåðèÿ."]
[Black "Ëàçóðåíêî, Êñåíèÿ."]
[Result "1/2-1/2"]
[WhiteElo "1670"]
[BlackElo "1343"]
[PlyCount "106"]
[EventDate "2017.04.20"]

1. e4 c5 2. c3 d6 3. d4 cxd4 4. cxd4 Nf6 5. Nc3 e6 6. Nf3 Be7 7. Bd3 a6 8. O-O
O-O 9. a3 b5 10. Be3 Bb7 11. b4 Nbd7 12. Rc1 Rc8 13. Qe2 Nb6 14. Nd2 Nfd7 15.
f4 f5 16. g3 g6 17. Bf2 Bf6 18. e5 dxe5 19. dxe5 Be7 20. Rfd1 Nd5 21. Nxd5 Bxd5
22. Nf3 Nb6 23. Rxc8 Nxc8 24. Bb1 Nb6 25. Ba2 Qa8 26. Bxd5 Nxd5 27. Rc1 Rc8 28.
Rxc8+ Qxc8 29. Qd2 Kf7 30. Nd4 Bd8 31. Nb3 Qc6 32. Bc5 Bb6 33. Kf2 Bxc5+ 34.
Nxc5 Ke7 35. Qd4 Nc7 36. h3 Nd5 37. Ke2 Nc7 38. Kf2 Nd5 39. g4 Nc7 40. Kg3 Kf7
41. Qd7+ Qxd7 42. Nxd7 Nd5 43. Nc5 Nc7 44. gxf5 gxf5 45. Kf3 Ke7 46. Kg3 Kf7
47. Kh4 Kg7 48. Kg5 Kf7 49. Kh4 Kg7 50. Kg3 Kf7 51. Nd7 Nd5 52. Nc5 Nc7 53. h4
Ke7 1/2-1/2

[Event "Ä15Ï"]
[Site "Loo"]
[Date "2017.04.21"]
[Round "2.14"]
[White "Ìàòþíèíà, Ñîôüÿ."]
[Black "Ãóðîâà, Íàòàëèÿ."]
[Result "0-1"]
[WhiteElo "1348"]
[BlackElo "1644"]
[PlyCount "104"]
[EventDate "2017.04.20"]

1. e4 e6 2. d3 d5 3. f4 Nf6 4. e5 Nfd7 5. Nf3 c5 6. Nc3 Nc6 7. Ng5 Be7 8. h4
Nd4 9. Ne2 h6 10. Nxd4 hxg5 11. Nb3 gxf4 12. Bxf4 Bxh4+ 13. Ke2 Rg8 14. g3 g5
15. gxh4 gxf4 16. Kd2 Nxe5 17. Qh5 Ng6 18. Qg4 e5 19. Qg5 Qxg5 20. hxg5 b6 21.
Re1 Be6 22. Bg2 O-O-O 23. Kc1 Rh8 24. Nd2 Rxh1 25. Rxh1 Rh8 26. Re1 Kd7 27. Nf3
Kd6 28. Kd2 Nh4 29. Bh1 Nxf3+ 30. Bxf3 Rh2+ 31. Kc1 Rf2 32. Bh1 Bh3 33. Kd1 Rf1
34. Rxf1 Bxf1 35. Ke1 Bh3 36. Kf2 Bg4 37. a3 Ke6 38. c3 f3 39. Bxf3 Bxf3 40.
Kxf3 Kf5 41. b4 cxb4 42. axb4 b5 43. c4 bxc4 44. dxc4 dxc4 45. Ke3 Kxg5 46. Kd2
Kf4 47. Kc3 e4 48. Kxc4 e3 49. Kb5 e2 50. Ka6 e1=Q 51. b5 Qa1+ 52. Kb7 Qa5 0-1

[Event "Ä15Ï"]
[Site "Loo"]
[Date "2017.04.21"]
[Round "2.16"]
[White "Òèíèíà, Êðèñòèíà."]
[Black "Èâàíîâà, Ìàðèÿ."]
[Result "0-1"]
[WhiteElo "1611"]
[BlackElo "1328"]
[PlyCount "94"]
[EventDate "2017.04.20"]

1. e4 c5 2. Nf3 e6 3. d4 cxd4 4. Nxd4 Nc6 5. Nc3 Qc7 6. Be3 a6 7. Qd2 Nf6 8. f3
Be7 9. g4 b5 10. g5 Nxd4 11. Bxd4 Nh5 12. O-O-O O-O 13. Kb1 Bb7 14. h4 Rac8 15.
Bh3 Qf4 16. Be3 Qxf3 17. Rdf1 Qg3 18. Rfg1 Qc7 19. Bg4 b4 20. Nd5 exd5 21. Bxh5
dxe4 22. Bg4 Bc5 23. Bxc5 Qxc5 24. Qxd7 Qxc2+ 25. Ka1 Rc7 26. Qd1 Qxd1+ 27.
Rxd1 Re8 28. Rhe1 Rce7 29. Re3 a5 30. Rd4 Ba6 31. Rd5 Re5 32. Rd6 Bd3 33. b3 g6
34. Kb2 Kf8 35. Rc6 Rd8 36. Rc7 Rdd5 37. Rc8+ Kg7 38. Bd1 Rc5 39. Rd8 Rf5 40.
Rexd3 exd3 41. Rxd3 Rfd5 42. Rxd5 Rxd5 43. Kc2 Rd4 44. h5 Rd5 45. hxg6 fxg6 46.
Be2 Rxg5 47. Bc4 Rg2+ 0-1

[Event "Ä15Ï"]
[Site "Loo"]
[Date "2017.04.21"]
[Round "2.17"]
[White "Òóêàåâà, Àèäà."]
[Black "Êàñàòêèíà, Ìàðèÿ."]
[Result "1-0"]
[WhiteElo "1852"]
[BlackElo "1258"]
[PlyCount "183"]
[EventDate "2017.04.20"]

1. e4 e5 2. Nf3 Nc6 3. d4 exd4 4. Nxd4 Bc5 5. Be3 Qf6 6. c3 Qg6 7. f3 Nf6 8.
Nf5 Bxe3 9. Nxe3 d6 10. Nd2 Be6 11. Qc2 O-O-O 12. Bb5 Bd7 13. O-O-O Ne5 14.
Bxd7+ Nfxd7 15. Nb3 Nb6 16. Qe2 Rhe8 17. Nd4 d5 18. Ndf5 Nbc4 19. Nxc4 Nxc4 20.
Ng3 Nd6 21. Rxd5 Qe6 22. Kb1 Qxd5 23. exd5 Rxe2 24. Nxe2 Nc4 25. b3 Re8 26. Nd4
Nd6 27. c4 Re5 28. Kc2 Nf5 29. Nxf5 Rxf5 30. Re1 Kd7 31. Kd3 Rh5 32. h3 Rh6 33.
Kd4 Ra6 34. Re2 c6 35. Rd2 cxd5 36. cxd5 Rg6 37. Kc5 Rg5 38. g4 Re5 39. Kd4 Re1
40. h4 Rf1 41. Ke4 Rh1 42. h5 Rf1 43. Kf4 Kd6 44. Ke4 Kd7 45. Kf4 Kd6 46. Ke4
Kd7 47. f4 Rg1 48. Kf5 Rg3 49. g5 Rh3 50. Kg4 Rh1 51. Rd3 Ra1 52. a4 Rg1+ 53.
Kf5 Rh1 54. Kg4 Rg1+ 55. Kh3 Rf1 56. Kg3 Rg1+ 57. Kh2 Rf1 58. Rd4 Rb1 59. Rb4
Kc7 60. d6+ Kxd6 61. Rxb7 Ke6 62. b4 a5 63. b5 Rb4 64. Ra7 Rxa4 65. b6 Rb4 66.
b7 Kd6 67. Rxa5 Rxb7 68. Kg3 f6 69. Ra6+ Ke7 70. gxf6+ gxf6 71. Kg4 Rc7 72. Ra8
Kf7 73. Ra6 Ke7 74. Kf5 Rc5+ 75. Kg4 Kf7 76. Ra7+ Kg8 77. h6 Rb5 78. Rg7+ Kh8
79. Rf7 Kg8 80. Rxf6 Rb1 81. Re6 Rg1+ 82. Kf5 Rh1 83. Ke5 Re1+ 84. Kf6 Rxe6+
85. Kxe6 Kf8 86. Kf6 Kg8 87. Ke7 Kh8 88. f5 Kg8 89. Ke8 Kh8 90. f6 Kg8 91. f7+
Kh8 92. f8=Q# 1-0

[Event "Ä15Ï"]
[Site "Loo"]
[Date "2017.04.21"]
[Round "2.18"]
[White "Ìîèñååâà, Ïîëèíà."]
[Black "Ñåëåçíåâà, Åêàòåðèíà."]
[Result "0-1"]
[WhiteElo "1425"]
[BlackElo "1845"]
[PlyCount "136"]
[EventDate "2017.04.20"]

1. e4 c5 2. Nf3 Nc6 3. d4 cxd4 4. Nxd4 e5 5. Nxc6 bxc6 6. c4 Nf6 7. Nc3 Bb4 8.
Qb3 Qa5 9. Bd2 Rb8 10. Bd3 O-O 11. O-O Ba6 12. Qc2 Qc7 13. a3 Be7 14. b4 d6 15.
Qa4 Bc8 16. h3 Bd7 17. Qc2 Nh5 18. Ne2 Bf6 19. Rac1 g6 20. Qd1 Rfd8 21. g4 Ng7
22. f4 exf4 23. Nxf4 Be5 24. Qf3 Be6 25. Bc3 Rd7 26. Kg2 Rbd8 27. Be1 Qb7 28.
Bh4 Rb8 29. Rc2 a5 30. b5 cxb5 31. Nd5 Bxd5 32. cxd5 b4 33. axb4 axb4 34. Bf6
Bxf6 35. Qxf6 Ne8 36. Qb2 Rc7 37. Rfc1 Rxc2+ 38. Rxc2 Qa7 39. Qc1 Qa3 40. Be2
Qxc1 41. Rxc1 b3 42. Bd3 b2 43. Rd1 Kf8 44. Kf2 Ke7 45. Ke2 Nc7 46. Rb1 Rb4 47.
Kd2 Nb5 48. Bxb5 Rxb5 49. Kc3 Kf6 50. Kd4 Kg5 51. e5 dxe5+ 52. Kxe5 f5 53. Ke6
fxg4 54. d6 gxh3 55. d7 Rb6+ 56. Kd5 Rb8 57. Kc6 h2 58. Kc7 Rf8 59. Rxb2 h1=Q
60. Rb5+ Kh6 61. Ra5 Qh2+ 62. Kb7 Qb2+ 63. Kc6 Qc3+ 64. Kb5 Rf5+ 65. Kb6 Qxa5+
66. Kb7 Rc5 67. Kb8 Qb4+ 68. Ka7 Ra5# 0-1

[Event "Ä15Ï"]
[Site "Loo"]
[Date "2017.04.21"]
[Round "2.19"]
[White "Ìîèñååâà, Îëåñÿ."]
[Black "Áû÷åíêîâà, Àíãåëèíà."]
[Result "1-0"]
[WhiteElo "1695"]
[BlackElo "1500"]
[PlyCount "55"]
[EventDate "2017.04.20"]

1. e4 e6 2. d4 d5 3. exd5 exd5 4. Bd3 Bd6 5. h3 h6 6. Nf3 Nf6 7. Be3 Be6 8. c3
Nbd7 9. Qc2 c6 10. Nbd2 Qc7 11. b3 Rc8 12. c4 b6 13. O-O O-O 14. Nh4 Bf4 15.
Nf5 Rfe8 16. Bxf4 Qxf4 17. g3 Qc7 18. Rfe1 Qb8 19. Rac1 Nf8 20. Nf3 Ng6 21.
Nxh6+ Kf8 22. Nxf7 Bxf7 23. Bxg6 Rxe1+ 24. Rxe1 Re8 25. Ne5 Bxg6 26. Qxg6 Re7
27. Re3 Kg8 28. Nxc6 1-0

[Event "Ä15Ï"]
[Site "Loo"]
[Date "2017.04.21"]
[Round "2.20"]
[White "Ãàëèìîâà, Çàðèÿ."]
[Black "Øóáèíà, Åêàòåðèíà."]
[Result "0-1"]
[WhiteElo "1305"]
[BlackElo "1692"]
[PlyCount "130"]
[EventDate "2017.04.20"]

1. e4 c5 2. c4 Nc6 3. Nc3 e6 4. g3 Nf6 5. Bg2 Nb4 6. d3 d5 7. a3 Qa5 8. Bf4 Nc6
9. cxd5 Nd4 10. dxe6 Bxe6 11. Rc1 Rd8 12. Qa4+ Qxa4 13. Nxa4 Nb3 14. Rd1 Nd4
15. Nc3 Bb3 16. Rd2 b5 17. Nge2 Nc2+ 18. Kf1 b4 19. axb4 Nxb4 20. Nc1 Bc2 21.
Ke2 Be7 22. Nb5 O-O 23. h4 Rd7 24. Na3 Ba4 25. b3 Bc6 26. Nc4 Rfd8 27. Ne5 Rb7
28. Nxc6 Nxc6 29. Rhd1 Nd4+ 30. Ke1 Nxb3 31. Rb2 Na5 32. Rxb7 Nxb7 33. Na2 Rd4
34. Nc3 Nd7 35. Nd5 Bf8 36. Ke2 Nb6 37. Nxb6 axb6 38. Rb1 Rb4 39. Rxb4 cxb4 40.
d4 Na5 41. Bc1 b3 42. Kd3 Bb4 43. d5 b5 44. e5 Nc4 45. e6 fxe6 46. dxe6 b2 47.
Bxb2 Nxb2+ 48. Kd4 Kf8 49. f4 Be1 50. g4 Bxh4 51. Kc5 Ke7 52. f5 Nd1 53. Kxb5
Ne3 54. Bf3 Kd6 55. Kb6 Ke5 56. Kc7 Kf4 57. Be2 Nxg4 58. Kd7 Ne5+ 59. Kd6 Kxf5
60. e7 Bxe7+ 61. Kxe7 g5 62. Bd1 g4 63. Bc2+ Kf4 64. Bxh7 g3 65. Bc2 g2 0-1

[Event "Ä15Ï"]
[Site "Loo"]
[Date "2017.04.21"]
[Round "2.21"]
[White "Ïàêååâà, Íàìëàíà."]
[Black "Ñóðêîâà, Åêàòåðèíà."]
[Result "0-1"]
[WhiteElo "1630"]
[BlackElo "1428"]
[PlyCount "90"]
[EventDate "2017.04.20"]

1. e4 c5 2. Nf3 e6 3. d4 cxd4 4. Nxd4 a6 5. c4 Bb4+ 6. Nc3 Qa5 7. Bd2 Nf6 8.
Bd3 Nc6 9. Nxc6 bxc6 10. a3 Bxc3 11. Bxc3 Qg5 12. O-O e5 13. Bb4 Nh5 14. Qf3
Nf4 15. Bd6 c5 16. Bxc5 d5 17. Be3 Bg4 18. Qg3 dxe4 19. h3 exd3 20. Bxf4 Qxf4
21. Qxf4 exf4 22. hxg4 O-O 23. Rfd1 Rad8 24. Rd2 Rd4 25. c5 a5 26. Rc1 Rc8 27.
Rc3 g6 28. b4 axb4 29. axb4 Rxb4 30. Rdxd3 Rc6 31. Kf1 Rb5 32. Rd5 Kf8 33. Ke2
Ke7 34. Kf3 Ke6 35. Ke4 f5+ 36. gxf5+ gxf5+ 37. Kd4 Rb4+ 38. Rc4 Rb2 39. Re5+
Kf6 40. Kd5 Rc8 41. Re6+ Kf7 42. Re5 Rd2+ 43. Rd4 Rd8+ 44. Kc6 R8xd4 45. Rxf5+
Kg6 0-1

[Event "Ä15Ï"]
[Site "Loo"]
[Date "2017.04.21"]
[Round "2.22"]
[White "Øàðèêîâà, Àðèíà."]
[Black "Øåëåæîíêîâà, Êñåíèÿ."]
[Result "1-0"]
[WhiteElo "1560"]
[BlackElo "1374"]
[PlyCount "141"]
[EventDate "2017.04.20"]

1. e4 c5 2. Nf3 e6 3. d4 cxd4 4. Nxd4 a6 5. Nc3 Qc7 6. Bd3 Nf6 7. O-O d6 8. Be3
Nbd7 9. f4 b5 10. a3 Nc5 11. Qf3 Bb7 12. Kh1 Be7 13. Rae1 Nxd3 14. cxd3 O-O 15.
Qg3 Nd7 16. f5 e5 17. Nf3 Nc5 18. Bh6 Bf6 19. Rd1 Rfd8 20. Bxg7 Bxg7 21. f6 Ne6
22. fxg7 Nf4 23. Nh4 Bc8 24. Rd2 f6 25. Ne2 Nxe2 26. Rxe2 Qxg7 27. Rxf6 Qxg3
28. hxg3 Ra7 29. Nf5 Bxf5 30. Rxf5 Rc7 31. Ref2 Kg7 32. Rg5+ Kh6 33. Rg4 Kh5
34. Rh4+ Kg6 35. Rf5 Rh8 36. Rg4+ Kh6 37. Rf6+ Kh5 38. Rh4+ Kg5 39. Rxd6 Rc2
40. Rxa6 Rxb2 41. Re6 b4 42. axb4 Rxb4 43. Rxe5+ Kf6 44. Rf5+ Ke6 45. Rh6+ Ke7
46. Rfh5 Rd4 47. Rxh7+ Rxh7 48. Rxh7+ Kf6 49. Kg1 Rxd3 50. Kf2 Ke5 51. Re7+ Kf6
52. Ra7 Ke5 53. Ra4 Rb3 54. g4 Kf4 55. g5 Rb2+ 56. Kf1 Kxg5 57. e5 Kf5 58. Ra5
Rc2 59. Kg1 Re2 60. Kh2 Rxe5 61. Rxe5+ Kxe5 62. Kh3 Kf5 63. Kh4 Kg6 64. Kg4 Kf6
65. Kh5 Kf7 66. Kh6 Kf6 67. g4 Kf7 68. g5 Kg8 69. Kg6 Kf8 70. Kh7 Kf7 71. g6+
1-0

[Event "Ä15Ï"]
[Site "Loo"]
[Date "2017.04.21"]
[Round "2.23"]
[White "Êèñåëåâà, Åëèçàâåòà."]
[Black "Ìàðêîâà, Àííà."]
[Result "1-0"]
[WhiteElo "1499"]
[BlackElo "1553"]
[PlyCount "85"]
[EventDate "2017.04.20"]

1. e4 c6 2. d4 d5 3. e5 Bf5 4. Nd2 Qb6 5. Nb3 h6 6. Nf3 e6 7. Be2 Nd7 8. Be3
Rc8 9. a4 c5 10. a5 Qc6 11. dxc5 Bxc5 12. Nxc5 Nxc5 13. Nd4 Qc7 14. Nxf5 exf5
15. Qxd5 Ne7 16. Bb5+ Nd7 17. Qd2 a6 18. Ba4 Nc6 19. Bf4 Nc5 20. O-O O-O 21. e6
Qe7 22. Bd6 Ne4 23. Bxe7 Nxd2 24. Bxf8 Kxf8 25. Rfd1 Ne4 26. exf7 Nc5 27. Bxc6
bxc6 28. b4 Ne6 29. Rd7 Ng5 30. Ra7 Nxf7 31. Rxa6 Nd6 32. Rd1 Nb5 33. Rb6 Ke7
34. h3 Rc7 35. Re1+ Kd7 36. Rb8 Nd6 37. Rg8 g5 38. Rg7+ Kc8 39. Rxc7+ Kxc7 40.
Re7+ Kb8 41. Rh7 Nb7 42. Rxh6 Kc7 43. Rg6 1-0

[Event "Ä15Ï"]
[Site "Loo"]
[Date "2017.04.21"]
[Round "2.24"]
[White "Õîìÿê, Àëåêñàíäðà."]
[Black "Åãîðîâà, Àíàñòàñèÿ."]
[Result "1/2-1/2"]
[WhiteElo "1599"]
[BlackElo "1308"]
[PlyCount "97"]
[EventDate "2017.04.20"]

1. e4 e5 2. Nf3 d6 3. d4 exd4 4. Nxd4 g6 5. Bc4 Bg7 6. O-O Nf6 7. Nc3 O-O 8.
Be3 a6 9. Qd2 Re8 10. f3 Bd7 11. Rae1 Nc6 12. Bf2 Nxd4 13. Bxd4 Be6 14. Bd5
Nxd5 15. exd5 Bxd4+ 16. Qxd4 Bf5 17. Ne4 Bxe4 18. Rxe4 Rxe4 19. Qxe4 Qf6 20. c3
Qg7 21. Re1 Qf8 22. Qe7 Qxe7 23. Rxe7 Rc8 24. Kf2 Kf8 25. Re4 Re8 26. Ke3 Re5
27. Kd4 f6 28. f4 Rxe4+ 29. Kxe4 f5+ 30. Kd4 Kf7 31. c4 Kf6 32. g3 Ke7 33. b4
Kd7 34. c5 Ke7 35. a4 Kd8 36. b5 Ke7 37. bxa6 bxa6 38. Kc4 Kd7 39. c6+ Ke7 40.
Kb4 Kd8 41. Ka5 Kc8 42. Kxa6 Kb8 43. h3 Ka8 44. g4 Kb8 45. Ka5 Ka7 46. Kb5 Kb8
47. Kc4 Ka7 48. Kd4 Kb6 49. Kc4 1/2-1/2